000 00575nam a22002297a 4500
003 UA-OsUOA
001 51855
007 ta
008 20080123b un ||||| |||| 00| 0 ukr d
100 _aТынянов Ю.
090 _a821.161.1
_bТ93
942 _cBK
040 _aUA-OsUOA
_brus
_cUA-OsUOA
_dUA-OsUOA
245 _aПушкин
_bроман
300 _a560 с.
955 _a3
041 _arus
080 _a821.161.1
260 _aК.
_bДніпро
_c1987
650 7 _a82 Література. Літературознавство
_2UDC
999 _c337912
_d337912